|
|
|
|
| LEADER |
01104nam a2200241 a 4500 |
| 001 |
3069152 |
| 008 |
100408s1997 nyua 001 0 eng d |
| 010 |
|
|
|a 97003517
|
| 020 |
|
|
|a 047116495X (alk. paper)
|
| 040 |
|
|
|a DLC
|c DLC
|d DLC
|d BD-DhAAL
|
| 082 |
0 |
0 |
|a 004.67/8
|2 21
|
| 100 |
1 |
|
|a Gilster, Paul,
|d 1949-
|
| 245 |
1 |
4 |
|a The Web navigator /
|c Paul Gilster.
|
| 260 |
|
|
|a New York :
|b Wiley Computer Pub.,
|c c1997.
|
| 300 |
|
|
|a xvii, 490 p. :
|b ill. ;
|c 24 cm.
|
| 500 |
|
|
|a Includes index.
|
| 541 |
1 |
|
|e 00007863
|
| 650 |
|
0 |
|a World Wide Web.
|
| 852 |
4 |
|
|a Ayesha Abed Library
|j General shelf
|
| 999 |
|
|
|c 8030
|d 8030
|
| 952 |
|
|
|0 0
|1 0
|2 ddc
|4 0
|6 004_678000000000000_GIL_1997
|7 0
|9 9105
|a BRACUL
|b BRACUL
|c GEN
|d 2010-04-08
|l 1
|o 004.678 GIL
|p 3010007863
|r 2017-03-12
|s 2017-03-07
|t 1
|w 2010-04-08
|y BK
|
| 952 |
|
|
|0 0
|1 0
|2 ddc
|4 0
|6 004_678000000000000_GIL_1997
|7 0
|9 11507
|a BRACUL
|b BRACUL
|c GEN
|d 2010-07-04
|l 0
|o 004.678 GIL
|p 3010007864
|r 2010-07-04
|t 2
|w 2010-07-04
|y BK
|
| 952 |
|
|
|0 0
|1 0
|2 ddc
|4 0
|6 004_678000000000000_GIL_1997
|7 0
|9 11508
|a BRACUL
|b BRACUL
|c GEN
|d 2010-07-04
|l 2
|o 004.678 GIL
|p 3010007765
|r 2018-01-22
|s 2018-01-16
|t 3
|w 2010-07-04
|y BK
|